Statistics for Footballers by Picture - Denmark

Click here to take the quiz!

General Stats

  • This quiz has been taken 68 times
  • The average score is 12 of 20

Answer Stats

Answer% Correct
Christian Eriksen
98%
Kasper Schmeichel
94%
Peter Schmeichel
92%
Michael Laudrup
83%
Simon Kjær
83%
Pierre-Emile Højbjerg
81%
Brian Laudrup
75%
Yussuf Poulsen
75%
Andreas Christensen
73%
Nicklas Bendtner
70%
Martin Braithwaite
69%
Thomas Delaney
61%
Daniel Agger
50%
Jannik Vestergaard
42%
Jon Dahl Tomasson
33%
Dennis Rommedahl
27%
Jesper Grønkjær
17%
Morten Olsen
17%
Preben Elkjær
16%
Lars Olsen
9%

Score Distribution

Percentile by Number Answered

Percent of People with Each Score

Your Score History

You have not taken this quiz